| 000 | 00442nam a2200157 i 4500 | ||
|---|---|---|---|
| 001 | 89705 | ||
| 003 | ES-MaACL | ||
| 005 | 20230906180242.0 | ||
| 007 | t| | ||
| 008 | 050112s1933 gw ||||1| eng d | ||
| 100 | 1 |
_aLawrence, D.H. ( _d1885-1930) _970743 |
|
| 245 | 1 | 4 |
_aThe virgin and the gipsy _b; The fox / _ctwo novels by D.H. Lawrence. |
| 260 |
_aHamburg : _bAlbatros, _c1933. |
||
| 300 |
_a203 p. ; _c19 cm. |
||
| 852 |
_aES-MaACL _jA-2143 |
||
| 999 |
_c89705 _d89705 |
||